The Juvenile Homosexual Experience and its effect on adult sexuality /

Uloženo v:
Podrobná bibliografie
Hlavní autor: Ollendorff, Robert H. V.
Médium: Kniha
Jazyk:angličtina
Vydáno: New York The Julian Press 1966
Tagy: Přidat tag
Žádné tagy, Buďte první, kdo vytvoří štítek k tomuto záznamu!

MARC

LEADER 00000nam a2200000 4500
001 CDOM0000004011
003 mi
005 20251017223355.0
008 251017b |||||||| |||| 00| 0 eng d
040 |c mi 
100 |a Ollendorff, Robert H. V. 
245 1 |a The Juvenile Homosexual Experience and its effect on adult sexuality /  |c Robert H. V. Ollendorff 
260 |a New York  |b The Julian Press  |c 1966 
300 |a 246 p. ;  |c 24,5 cm. 
942 |2 ddc  |c BK 
952 |0 0  |1 0  |2 ddc  |4 0  |7 0  |9 7157  |a MI  |b MI  |d 1988-02-18  |i 847  |l 0  |p CDOM847  |r 2025-07-13 16:28:00  |w 2025-07-13  |x ACQUISTO  |y BK 
999 |c 5854  |d 5854